000 04352nab a2200349 i 4500
003 BR-BrBNA
005 20250828172103.0
008 250828b2021 bl.ar|pooa||| 00| 0 eng |
040 _aBR-BrBNA
_beng
072 _aF60
100 _aCosta, Isabela Francisca de Jesus Borges
100 _aSimão, Thatiana Lopes Bia Ventura
100 _aCalixto, Sanderson Dias
100 _aPereira, Rafaella Velloso
100 _aKonno, Tatiana Ungaretti Paleo
100 _aPinto, Shaft Corrêa
100 _aTinoco, Luzineide Wanderley
100 _aLasunskaia, Elena
100 _aLeal, Ivana Correa Ramos
100 _aMuzitano, Michelle Frazão
245 _aAnti-mycobacterial and immunomodulatory activity of n-hexane fraction and spathulenol from Ocotea notata leaves
500 _aPublicação on-line; 50 ref.; 5 tables; 5 illus.; Summaries (En, Pt)
520 _a Abstract Ocotea notata (Lauraceae) is popularly known as white-cinnamon. Ocotea species have several medicinal uses, especially for treating chest pain, rheumatism and wounds. The present study aimed to analyze the chemical composition of O. notatan-hexane fraction, in addition to its anti-mycobacterial and immunomodulatory activities. The n-hexane fraction was analyzed by GC-MS and was chromatographed to afford 15 subfractions (SF1-15), where SF5 was identified, by GC-MS and NMR, as the sesquiterpene spathulenol. The n-hexane fraction was the most potent in inhibiting nitric oxide (NO) and tumor necrosis factor-alpha (TNF-α) production on LPS-stimulated macrophages (IC50 8.3 ± 0.9 and 5.9 ± 1.0 µg/mL, respectively). SF4, a major subfraction, that presents a spathulenol analogous as a constituent, also inhibited NO and TNF-α production. Spathulenol only modulated NO production (IC50 45.6 ± 1.4 µg/mL). The n-hexane fraction, SF4, and spathulenol revealed antimycobacterial activity against Mycobacterium bovis BCG, M. tuberculosis H37Rv, and M299 strains. Spathulenol inhibited the growth of Mtb H37Rv with MIC50 36.9 ± 1.5 µg/mL (167.5 ± 6.8 µM), and Mtb M299 with MIC5042.1 ± 0.5 µg/mL (191.0 ± 2.2 µM). This is the first report describing the isolation of spathulenol from O. notata leaves and its anti-mycobacterial activity. Key words: antiinflammatory, anti-mycobacterial, Ocotea notata,Sesquiterpenes. Resumo Ocotea notata (Lauraceae) é popularmente conhecida como canela-branca. As espécies do gênero Ocotea têm vários usos medicinais, especialmente no tratamento de dores no peito, reumatismo e feridas. O presente estudo teve como objetivo analisar a composição química da fração n-hexano de O. notata, além de suas atividades antimicobacteriana e imunomoduladora. A fração n-hexano foi analisada por GC-MS e fracionada fornecendo 15 subfrações (SF1-15), onde SF5 foi identificado, por GC-MS e RMN, como o sesquiterpeno espatulenol. A fração n-hexano foi a mais potente na inibição da produção de óxido nítrico (NO) e do fator de necrose tumoral-alfa (TNF-α) em macrófagos estimulados por LPS (IC50 8,3 ± 0,9 e 5,9 ± 1,0 μg/mL, respectivamente). SF4, uma subfração majoritária, que apresenta um análogo do espatulenol como constituinte, também inibiu a produção de NO e TNF-α. O espatulenol modulou apenas a produção de NO (IC50 45,6 ± 1,4 μg/mL). A fração n-hexano, SF4 e espatulenol apresentaram atividade antimicobacteriana contra as cepas de Mycobacterium bovis BCG, M. tuberculosis (Mtb) H37Rv e M299. O espatulenol inibiu o crescimento de Mtb H37Rv com MIC50 36,9 ± 1,5 μg/mL (167,5 ± 6,8 μM) e Mtb M299 com MIC50 42,1 ± 0,5 μg/mL (191,0 ± 2,2 μM). Este é o primeiro relato que descreve o isolamento do espatulenol das folhas de O. notata e sua atividade antimicobacteriana. Palavras-chave: anti-inflamatório, antimicobacteriano, Ocotea notata, Sesquiterpenos
650 _aANTIINFLAMATÓRIO
650 _aLAURACEAE
650 _aPLANTA MEDICINAL
650 _aCOMPOSIÇÃO QUÍMICA
773 0 _0709
_9357347
_dRio de Janeiro-RJ Jardim Botanico do Rio de Janeiro 1935
_o2025-5311
_tRodriguésia (Brazil)
_x0370-6583; 2175-7860 on-line
_gv. 72 p. 1-14; (2021)
_wBR2025001807
856 _uhttps://www.scielo.br/j/rod/a/6YtrLNTnZJY4WqzB7BvFbQF/?format=pdf&lang=en
942 _cANA
999 _c337871
_d337871